00277nam a2200085Ia 4500008004100000041000800041100001800049245008800067260003600155241105s9999 xx 000 0 und d aeng aGujrathi Amit aExploring The Relationship Between Data Diagramming And Digital Design Process Info bM Arch Digital BNCA, Punec2015